Revista de psicología (Registro nro. 22077)
[ vista simple ]
| 000 -Cabecera | |
|---|---|
| Campo de control interno | 00814nam a2200277Ia 4500 |
| 005 - Fecha y hora del registro | |
| control field | 20260320113340.0 |
| 008 - Elementos de Longitud Fija | |
| fixed length control field | 260320s9999||||xx |||||||||||||| ||und|| |
| 022 ## - ISSN | |
| ISSN | 23060565 |
| 041 ## - Idioma | |
| Codigo Idioma | ESP |
| 082 ## - DEWEY y NOTACIÓN INTERNA | |
| Dewey | HR 150 V. 15 N° 1 2025 |
| Notación Interna | RP |
| 100 ## - AUTOR | |
| Autor denominación | |
| Término de relación | |
| 110 ## - AUTOR INSTTITUCIONAL | |
| Autor Institucional | Universidad Católica San Pablo |
| 245 #0 - TÍTULO DE MATERIAL BIBLIOGRÁFICO | |
| Título | Revista de psicología |
| Título paralelo | |
| 246 ## - TÍTULO TRADUCIDO | |
| Título | |
| Título paralelo | |
| Autor | |
| 260 ## - CIUDAD, EDITORIAL, AÑO | |
| Ciudad | Arequipa : |
| Nombre de la Editorial | Universidad Católica San Pablo, |
| Año | 2025 |
| 300 ## - DESCRIPCIÓN | |
| N° Páginas | 209 páginas : |
| Otros detalles | gráficos, tablas ; |
| Dimensiones | 24 cm. |
| Material Adicional | |
| 440 ## - MENCIÓN DE SERIE | |
| Título de la Serie | |
| Número de Serie | |
| Volumen de Serie | |
| 505 ## - TABLA DE CONTENIDO | |
| Tabla de Contenido | V. 15, N° 1 (Enero-Junio 2025) |
| 650 ## - TEMAS | |
| Temas | Psicología |
| 653 ## - DESCRIPTORES | |
| Lenguajes no controlado | Psicología - Revista |
| 654 ## - PROGRAMAS | |
| Programa | Dpto. de Psicología |
| 700 ## - OTROS AUTORES | |
| Otros autores | |
| Títulos y otras palabras asociadas con el nombre | |
| 856 ## - URL - UBICACIÓN | |
| URI/URL: Enlace exacto del recurso | <a href="https://revistas.ucsp.edu.pe/index.php/psicologia">https://revistas.ucsp.edu.pe/index.php/psicologia</a> |
| Nota pública: Versión digital | <a href="Véase además: Revistas académicas UCSP">Véase además: Revistas académicas UCSP</a> |
| 942 ## - ELEMENTOS DE KOHA | |
| Tipo de documento | Revista |
| Nombre del creador | Justo Noguera |
| Código de catalogador | Margarita Torres |
| Esquema de clasificación | Dewey Decimal Classification |
| Suppress in OPAC | |
| Codigo completo | Registro | Colección | Copia número | Disponibilidad | Tipo de préstamo | Biblioteca Actual | Procedencia (Biblioteca) | Ubicacón | Fecha Ingreso | Tipo de Adquisición | Observación | Date last seen | Total checkouts | Price effective from | Tipo de Item | Estado del Material | Fuente de Clasificación | Damaged status | Withdrawn status |
|---|---|---|---|---|---|---|---|---|---|---|---|---|---|---|---|---|---|---|---|
| HR 150 V. 15 N° 1 2025 RP | 1087493 | Universidad Católica San Pablo | 1 | Disponible | Disponible | Víctor Andrés Belaunde | Víctor Andrés Belaunde | Planta baja abierta | 10/03/2026 | Donación | Psicología | 20/03/2026 | 20/03/2026 | Revista | Bueno | Dewey Decimal Classification |




